| 000 | 00511cam a22001337a 4500 | ||
|---|---|---|---|
| 008 | 180718b2002 xxu||||| |||| 00| 0 eng d | ||
| 100 | _aGebreab, Frew Amare | ||
| 245 |
_aGetting connected: competition and diffusion in African mobile telecommunications markets _cby Frew Amare Gebreab |
||
| 260 |
_aWashington, D.C. _bWorld Bank _c2002 |
||
| 300 | _a33p. | ||
| 440 | _aPolicy research working paper, no. 2863 | ||
| 650 | _aMobile communication systems --Africa | ||
| 650 | _aCell phone equipment industry --Africa | ||
| 999 |
_c288052 _d288052 |
||